Vademecum lékaře : všeobecné praktické lékařství /

Hlavní autor: Gesenhues, Stefan
Další autoři: Ziesché, Rainer, Petrášek, Jan, 1929-2026
Jazyk: Čeština
Vydáno: Praha : Galén, c2006
Vydání: 1. české vyd.
Témata:
Externí odkaz: Digitalizovaný dokument
Fyzický popis: xxiii, 976 s. : il. ; 24 cm
Knihy
Uloženo v:
LEADER 02249nam a2200589 a 4500
001 nkc20071752068
003 CZ PrNK
005 20071221145018.0
007 ta
008 070918s2006 xr a f f 001 0 cze
015 |a cnb001752068 
020 |a 80-7262-444-X  |q (váz.) 
035 |a (OCoLC)190778455 
040 |a OLA001  |b cze  |d BOA001  |d ABA001 
041 1 |a cze  |h ger 
072 7 |a 616  |x Patologie. Klinická medicína  |2 Konspekt  |9 14 
080 |a 616  |2 MRF 
080 |a 616.1/.9  |2 MRF 
080 |a 616-07  |2 MRF 
080 |a 616-08  |2 MRF 
080 |a 616-082-021.311  |2 MRF 
080 |a (035)  |2 MRF 
100 1 |a Gesenhues, Stefan  |7 pna2007418471  |4 aut 
245 1 0 |a Vademecum lékaře :  |b všeobecné praktické lékařství /  |c Stefan Gesenhues, Rainer Ziesché ; [pořadatel českého vydání Jan Petrášek ; překladatelé Stanislav Adamec ... et al.] 
246 3 0 |a Všeobecné praktické lékařství 
250 |a 1. české vyd. 
260 |a Praha :  |b Galén,  |c c2006 
300 |a xxiii, 976 s. :  |b il. ;  |c 24 cm 
500 |a Přeloženo z němčiny 
500 |a Obsahuje rejstřík 
650 0 7 |a praktické lékařství  |7 ph124547  |2 czenas 
650 0 7 |a nemoci  |7 ph117238  |2 czenas 
650 0 7 |a diagnostika (lékařství)  |7 ph114312  |2 czenas 
650 0 7 |a terapie  |7 ph116435  |2 czenas 
650 0 7 |a primární péče  |7 ph289371  |2 czenas 
650 0 9 |a medicine  |2 eczenas 
650 0 9 |a diseases  |2 eczenas 
650 0 9 |a medical diagnostics  |2 eczenas 
650 0 9 |a therapy  |2 eczenas 
650 0 9 |a primary care  |2 eczenas 
655 7 |a příručky  |7 fd133209  |2 czenas 
655 9 |a handbooks and manuals  |2 eczenas 
700 1 |a Ziesché, Rainer  |7 pna2007418472  |4 aut 
700 1 |a Petrášek, Jan,  |d 1929-2026  |7 jk01092808  |4 edt 
765 0 |t Praxisleitfaden - Allgemeinmedizin  |9 Česky 
856 4 1 |u http://www.digitalniknihovna.cz/mzk/uuid/uuid:4126cf80-157a-11ee-a056-0050568d319f  |y Digitalizovaný dokument  |x NDK 
910 2 |a BOA001  |b 2-1193.757 
990 |a BK 
995 |a 01 
991 |b 200711  |c NOV 
996 6 |b 2610323739  |c 2-1193.757  |l MZK  |r Sklad / do 1 hodiny  |n 2  |p p.v.  |w 000861584  |u 000020  |a 1  |e BOA001  |j MZK50  |s P 
996 7 |b 2610324103  |c 2-1193.757  |l MZK  |r Sklad / do 1 hodiny  |n 29  |p kup  |w 000861584  |u 000030  |a 1  |e BOA001  |j MZK50  |s A